000 00330nam a2200121Ia 4500
008 240731s9999 xx 000 0 und d
022 _a2375-2475
245 0 _aCanadian Slavonic Papers : Revue Canadienne des Slavistes
260 _bRoutledge
856 _uhttps://www.tandfonline.com/loi/rcsp20
942 _2ddc
942 _cTFEJ
999 _c75761
_d75761
945 _a1
_bMadushi Gamage
_c1
_dMadushi Gamage